| 000 | 00487cam a22001697a 4500 | ||
|---|---|---|---|
| 020 | _a9712200922 | ||
| 040 | _cAGL | ||
| 082 | 0 | 0 | _a633 IRR 1997 A053 Or. |
| 245 | 0 | 0 | _aRice almanac / |
| 250 | _a2nd ed. | ||
| 260 |
_aLos Baños, Philippines : _bIRRI ; _aCali, Colombia : _bCIAT ; _aBouaké, Côte d'lvoire : _bWest Africa Rice Development Association, _c1997. |
||
| 300 |
_a181 p. : _bill., maps ; _c26 cm. |
||
| 650 | 0 | _aRice. | |
| 650 | 0 | _aRice | |
| 700 | 1 | _aMaclean, J. L | |
| 942 | _cEK | ||
| 999 |
_c14888 _d14888 |
||